LEADER 01293naa a2200241 u 4500 001 000000100197 003 CaOOAMICUS 005 20070226130202.0 008 051018s2001 it u000 u ita u 020 $a8815083197 035 $a11064378 040 $aIAR$bita 100 1 $aPrincipe, Quirino,$d1935-$0(OLS)http://pul/name/62820 245 10$a"Sub specie Sigismundi" :$bLa musica a Vienna tra Brahms e Schönberg /$cQuirino Principe. 260 $aBologna :$bIl Mulino,$c2001. 300 $aS. 313-320 ;$c24 cm 730 0 $aAnnali dell'Istituto storico italo-germanico in Trento = Jahrbuch des Italienisch-Deutschen Historischen Instituts in Trient$g[Spogli].$0(OLS)http://pul/title/8676 773 0 $aJahrbuch des italienisch-deutschen historischen Instituts in Trient.$g26 (2000) 773 0 $aAnnali dell'Istituto storico italo-germanico in Trento.$g26 (2000) 773 0 $aIstituto storico italo-germanico.$tAnnali dell'Istituto storico italo-germanico in Trento = Jahrbuch des Italienisch-Deutschen Historischen Instituts in Trient$w()5918 996 $6020$a8815083197$9(OLS)http://pul/number/129773 996 $6245$a"Sub specie Sigismundi" :$bLa musica a Vienna tra Brahms e Schönberg$9(OLS)http://pul/title/127086 996 $6260$aBologna :$bIl Mulino$9(OLS)http://pul/publisher/47928 LEADER 01140nam a2200313 u 4500 001 000000057356 003 CaOOAMICUS 005 20070226120556.0 008 010508s1998 it u000 u ita u 020 $a8842055859 035 $a10887714 040 $aPUL(R)$bita 041 1 $aita$heng 100 1 $aWalzer, Michael,$d1935-$0(OLS)http://pul/name/13099 240 10$aOn tolerance.$lItaliano.$0(OLS)http://pul/title/76793 245 10$aSulla tolleranza /$cMichael Walzer. 260 $aBari :$bLaterza,$c1998. 300 $axiii, 172 p. ;$c21 cm 490 1 $aSagittari Laterza ;$v110 500 $aContiene indici. 504 $aBibliografia in nota. 650 4$aTolleranza.$0(OLS)http://pul/subject/3184 830 0$aSagittari Laterza ;$v110.$0(OLS)http://pul/title/18022 850 $aPUL 852 $aPUL$W1$xDP1 Altre Collocazioni$y17$mSenza collocazione$j12$nBK-PRI$b $qStampati$B75046$CPULBib$Z2$F75046 $81 941 1 $a8 996 $6020$a8842055859$9(OLS)http://pul/number/72463 996 $6245$aSulla tolleranza$9(OLS)http://pul/title/76794 996 $6260$aBari :$bLaterza$9(OLS)http://pul/publisher/47895